| 000 | 00452nam a2200145Ia 4500 | ||
|---|---|---|---|
| 008 | 230312s9999||||xx |||||||||||||| ||und|| | ||
| 020 | _a9780071663465 | ||
| 082 |
_a621.389 _bPOH-P |
||
| 100 | _aIssott,Adrian | ||
| 245 | 0 | _aCommon design patterns for Symbian OS : the foundations of smartphone software | |
| 260 |
_bMcgraw Hill _aUSA _c2011 |
||
| 300 | _a800 | ||
| 650 |
_aEngineering _vSound Recording and reproducing Digital techniques |
||
| 942 | _cBK | ||
| 999 |
_c17950 _d17950 |
||